[Event "Washington op 8th"]
[Site "Rockville"]
[Date "2019.07.28"]
[Round "3"]
[White "Chen, Richard"]
[Black "Balakrishnan, Praveen"]
[Result "1/2-1/2"]
[WhiteElo "2291"]
[BlackElo "2423"]
[PlyCount "55"]
[EventDate "2019.07.27"]
[EventType "swiss"]
[EventRounds "9"]
[EventCountry "USA"]
[SourceTitle "CBM 191 Extra"]
[Source "ChessBase"]
[SourceDate "2019.09.30"]
[SourceVersion "1"]
[SourceVersionDate "2019.09.30"]
[SourceQuality "1"]

1. e4 c5 2. Nf3 Nc6 3. Bb5 g6 4. 0-0 Bg7 5. Re1 e5 6. b4 Nxb4 7. Bb2 Qc7 8. Nc3 Ne7 9. Nd5 Nbxd5 10. exd5 0-0 11. Bxe5 Bxe5 12. Nxe5 d6 13. Nd7 Bxd7 14. Rxe7 Rad8 15. Qf3 Qc8 16. Bxd7 Rxd7 17. Rae1 Qd8 18. Qf6 Rxe7 19. Rxe7 Qa5 20. Qxd6 Qxd2 21. h3 Qxc2 22. Rxb7 c4 23. Rb8 Rxb8 24. Qxb8+ Kg7 25. Qe5+ Kg8 26. Qe8+ Kg7 27. Qe5+ Kg8 28. Qe8+ 1/2-1/2

[Event "Canada zt"]
[Site "Kingston"]
[Date "2019.04.21"]
[Round "7"]
[White "Noritsyn, Sergey"]
[Black "Chen, Richard"]
[Result "1-0"]
[WhiteElo "2159"]
[BlackElo "2317"]
[PlyCount "49"]
[EventDate "2019.04.18"]
[EventType "swiss"]
[EventRounds "9"]
[EventCountry "CAN"]
[SourceTitle "CBM 190 Extra"]
[Source "ChessBase"]
[SourceDate "2019.07.15"]
[SourceVersion "1"]
[SourceVersionDate "2019.07.15"]
[SourceQuality "1"]

1. e4 c5 2. Nf3 e6 3. c3 Nf6 4. e5 Nd5 5. d4 cxd4 6. cxd4 d6 7. Bc4 Nc6 8. 0-0 Be7 9. Qe2 0-0 10. Nc3 dxe5 11. dxe5 Nxc3 12. bxc3 Qa5 13. Bd2 Rd8 14. Rfd1 Bd7 15. Qe4 Qa4 16. Ng5 g6 17. Nxf7 Na5 18. Nxd8 Nxc4 19. Nxb7 Bc6 20. Qg4 Bd5 21. Nd6 Qa6 22. Nxc4 Bxc4 23. Qg3 Be2 24. Re1 Rd8 25. Bg5 1-0

[Event "Canada zt"]
[Site "Kingston"]
[Date "2019.04.20"]
[Round "5"]
[White "Dukic, Zachary"]
[Black "Chen, Richard"]
[Result "1-0"]
[WhiteElo "2167"]
[BlackElo "2317"]
[PlyCount "61"]
[EventDate "2019.04.18"]
[EventType "swiss"]
[EventRounds "9"]
[EventCountry "CAN"]
[SourceTitle "CBM 190 Extra"]
[Source "ChessBase"]
[SourceDate "2019.07.15"]
[SourceVersion "1"]
[SourceVersionDate "2019.07.15"]
[SourceQuality "1"]

1. e4 c5 2. Nf3 e6 3. d4 cxd4 4. Nxd4 Nc6 5. Nc3 Qc7 6. Be3 a6 7. Qd2 Nf6 8. 0-0-0 Bb4 9. f3 Ne5 10. Nb3 b5 11. Kb1 Nc4 12. Bxc4 bxc4 13. a3 Be7 14. Nd4 0-0 15. g4 Rb8 16. Ka1 Bb7 17. g5 Ne8 18. h4 Bc5 19. h5 Qa5 20. Rb1 Ba8 21. g6 fxg6 22. hxg6 hxg6 23. Nde2 Bc6 24. Rh3 Nf6 25. Bxc5 Qxc5 26. Rg3 Kf7 27. Rg5 d5 28. Nf4 Rg8 29. Nxg6 Ke8 30. Nf4 Qd6 31. e5 1-0

[Event "Ontario-ch U20 U1800"]
[Site "Mississauga"]
[Date "2019.01.13"]
[Round "4.10"]
[White "Locham, Divjot"]
[Black "Chen, Richard"]
[Result "1-0"]
[WhiteElo "1599"]
[BlackElo "1738"]
[PlyCount "69"]
[EventDate "2019.01.12"]
[EventType "swiss"]
[EventRounds "5"]
[EventCountry "CAN"]
[SourceTitle "EXT 2022"]
[Source "ChessBase"]
[SourceDate "2021.10.06"]
[SourceVersion "1"]
[SourceVersionDate "2021.10.06"]
[SourceQuality "1"]

1. e4 d6 2. Nf3 Nf6 3. Nc3 g6 4. d4 Bg7 5. Be3 0-0 6. h3 b6 7. Qd2 Bb7 8. Bd3 Nbd7 9. Bh6 c5 10. Bxg7 Kxg7 11. d5 a6 12. 0-0-0 b5 13. g4 c4 14. g5 cxd3 15. gxf6+ exf6 16. cxd3 Rc8 17. Kb1 Qa5 18. h4 Nc5 19. h5 Rh8 20. h6+ Kf8 21. Qf4 Qd8 22. d4 Na4 23. Nxa4 bxa4 24. e5 Bxd5 25. exf6 Qb6 26. Rhe1 Rb8 27. Rd2 Bxa2+ 28. Kxa2 a3 29. Qe3 Qb7 30. Qe7+ Qxe7 31. Rxe7 axb2 32. Rxb2 Rxb2+ 33. Kxb2 a5 34. Ng5 d5 35. Ka3 1-0

[Event "CAN-ch U20 U1800"]
[Site "Toronto"]
[Date "2018.08.11"]
[Round "7.18"]
[White "Han, Johnathan"]
[Black "Chen, Richard"]
[Result "1/2-1/2"]
[WhiteElo "1629"]
[BlackElo "1271"]
[PlyCount "124"]
[EventDate "2018.08.08"]
[EventType "swiss"]
[EventRounds "9"]
[EventCountry "CAN"]
[SourceTitle "EXT 2022"]
[Source "ChessBase"]
[SourceDate "2021.10.06"]
[SourceVersion "1"]
[SourceVersionDate "2021.10.06"]
[SourceQuality "1"]

1. e4 d6 2. d4 Nf6 3. Nc3 g6 4. Nf3 Bg7 5. Be2 0-0 6. Be3 Nbd7 7. Qd2 b6 8. 0-0-0 Bb7 9. Bd3 c5 10. e5 cxd4 11. Bxd4 Nxe5 12. Nxe5 dxe5 13. Bxe5 Bxg2 14. Rhg1 Bf3 15. Rde1 Bc6 16. Bf4 Nd5 17. Nxd5 Bxd5 18. Kb1 e6 19. Bh6 Qf6 20. Bxg7 Qxg7 21. Rg3 Kh8 22. h4 h5 23. Reg1 Kh7 24. Qe2 Qh6 25. Rg5 f5 26. c4 Bc6 27. Qxe6 Be8 28. Be2 Bf7 29. Qe3 Rae8 30. Qd2 Rd8 31. Qc1 Rfe8 32. Qc2 Re4 33. Bd3 Rxh4 34. Bxf5 Rxc4 35. Bxg6+ Bxg6 36. Qxg6+ Qxg6+ 37. Rxg6 Rd1+ 38. Rxd1 Kxg6 39. Rg1+ Rg4 40. Rxg4+ hxg4 41. Kc2 Kf5 42. Kd3 Kf4 43. Ke2 a6 44. b3 Ke4 45. a3 Kf4 46. Ke1 Kf3 47. Kf1 a5 48. a4 Kf4 49. Ke1 Ke4 50. Ke2 Kf4 51. Ke1 Kf3 52. Kf1 Ke4 53. Ke2 Kd4 54. Kd2 Ke5 55. Ke3 Kf5 56. Ke2 Ke4 57. Kd2 Kf3 58. Ke1 Kg2 59. Ke2 Kg1 60. Ke1 Kg2 61. Ke2 Kg1 62. Ke1 Kg2 1/2-1/2

[Event "Montreal Summer IM"]
[Site "Montreal"]
[Date "2018.08.02"]
[Round "7"]
[White "Chen, Richard"]
[Black "Rozman, Levy"]
[Result "1/2-1/2"]
[WhiteElo "2312"]
[BlackElo "2417"]
[PlyCount "94"]
[EventDate "2018.07.30"]
[EventType "tourn"]
[EventRounds "9"]
[EventCountry "CAN"]
[EventCategory "4"]
[SourceTitle "CBM 185 Extra"]
[Source "ChessBase"]
[SourceDate "2018.07.29"]
[SourceVersion "1"]
[SourceVersionDate "2018.07.29"]
[SourceQuality "1"]

1. e4 d6 2. d4 Nf6 3. Nc3 g6 4. f4 Bg7 5. Nf3 c5 6. dxc5 Qa5 7. Bd3 Qxc5 8. Qe2 0-0 9. Be3 Qa5 10. 0-0 Bg4 11. h3 Bxf3 12. Qxf3 Nc6 13. a3 a6 14. Rab1 Nd7 15. Ne2 Rac8 16. Qf2 e6 17. c3 Qa4 18. Ng3 Na5 19. Rfd1 Qc6 20. b4 Nc4 21. Bxc4 Qxc4 22. Rxd6 Nf6 23. Bd4 Ne8 24. Rd7 Bxd4 25. Rxd4 Qxc3 26. a4 Qc2 27. Qxc2 Rxc2 28. e5 f5 29. Nf1 Nc7 30. Ne3 Ra2 31. Rc1 Rf7 32. Rd8+ Kg7 33. Rc8 Nd5 34. Nxd5 exd5 35. R1c7 d4 36. Rxf7+ Kxf7 37. Rc7+ Ke6 38. Rxb7 d3 39. Rb6+ Ke7 40. Rd6 Rxa4 41. Rxd3 Rxb4 42. g3 a5 43. Rd6 Rb3 44. Kf2 a4 45. Ra6 a3 46. Ra7+ Ke6 47. Rxh7 Rb2+ 1/2-1/2

[Event "Oakville Winter op"]
[Site "Oakville"]
[Date "2018.02.04"]
[Round "5"]
[White "Cormier, Adam"]
[Black "Chen, Richard"]
[Result "1/2-1/2"]
[WhiteElo "1949"]
[BlackElo "2264"]
[PlyCount "30"]
[EventDate "2018.02.02"]
[EventType "swiss"]
[EventRounds "5"]
[EventCountry "CAN"]
[SourceTitle "EXT 2024"]
[Source "ChessBase"]
[SourceDate "2023.10.10"]
[SourceVersion "1"]
[SourceVersionDate "2023.10.10"]
[SourceQuality "1"]

1. d4 d5 2. c4 e6 3. Nf3 Nf6 4. g3 Bb4+ 5. Nbd2 dxc4 6. Bg2 b5 7. a4 c6 8. axb5 cxb5 9. Ne5 Nd5 10. 0-0 Bb7 11. Ndxc4 f6 12. e4 Ne7 13. Qh5+ g6 14. Nxg6 Nxg6 15. Qxb5+ Nc6 1/2-1/2

[Event "Wch U20 56th"]
[Site "Tarvisio"]
[Date "2017.11.21"]
[Round "8"]
[White "Chen, Richard"]
[Black "Bayaraa, Chinguun"]
[Result "1-0"]
[WhiteElo "2309"]
[BlackElo "1820"]
[PlyCount "75"]
[EventDate "2017.11.13"]
[EventType "swiss"]
[EventRounds "11"]
[EventCountry "ITA"]
[SourceTitle "CBM 181 Extra"]
[Source "ChessBase"]
[SourceDate "2017.12.12"]
[SourceVersion "1"]
[SourceVersionDate "2017.12.12"]
[SourceQuality "1"]

1. e4 c5 2. Nf3 d6 3. Bb5+ Bd7 4. Bxd7+ Qxd7 5. c4 Nc6 6. Nc3 g6 7. d4 cxd4 8. Nxd4 Bg7 9. Be3 Nf6 10. f3 0-0 11. 0-0 Qd8 12. Nxc6 bxc6 13. Qd2 c5 14. Bh6 Ne8 15. Rad1 Bd4+ 16. Kh1 Ng7 17. f4 a6 18. f5 e6 19. Rf3 Re8 20. Bxg7 Bxg7 21. Rdf1 f6 22. fxg6 hxg6 23. Rg3 Kh7 24. Rd3 Bf8 25. e5 fxe5 26. Ne4 Bg7 27. Rf7 Kg8 28. Nxd6 Qh4 29. g3 Qg4 30. Nxe8 Kxf7 31. Rd7+ Kxe8 32. Rxg7 Kf8 33. Rd7 Kg8 34. Qh6 Qf3+ 35. Kg1 Qf6 36. Qh7+ Kf8 37. Rd1 Rd8 38. Rf1 1-0

[Event "Wch U20 56th"]
[Site "Tarvisio"]
[Date "2017.11.19"]
[Round "6"]
[White "Chen, Richard"]
[Black "Fuentes Parra, Victor Ignacio"]
[Result "1-0"]
[WhiteElo "2309"]
[BlackElo "2087"]
[PlyCount "151"]
[EventDate "2017.11.13"]
[EventType "swiss"]
[EventRounds "11"]
[EventCountry "ITA"]
[SourceTitle "CBM 181 Extra"]
[Source "ChessBase"]
[SourceDate "2017.12.12"]
[SourceVersion "1"]
[SourceVersionDate "2017.12.12"]
[SourceQuality "1"]

1. e4 e6 2. d4 d5 3. Nd2 Nf6 4. e5 Nfd7 5. f4 c5 6. c3 Nc6 7. Ndf3 cxd4 8. cxd4 Nb6 9. Bd3 Bd7 10. Ne2 g6 11. 0-0 Nb4 12. Bb1 Ba4 13. b3 Bb5 14. a3 Nc6 15. Rf2 a5 16. g4 h5 17. gxh5 Rxh5 18. Ng3 Rh8 19. Ng5 Ne7 20. a4 Bd7 21. Bd2 Nf5 22. Nxf5 gxf5 23. Bd3 Nc8 24. Rg2 Ne7 25. Be2 Bh6 26. Qe1 Bxg5 27. Rxg5 Qb6 28. Qf2 Qxb3 29. Rg3 Rg8 30. Rxg8+ Nxg8 31. Bd1 Qb2 32. Rc1 Rc8 33. Rxc8+ Bxc8 34. Bxa5 Qa1 35. Qd2 Bd7 36. Bc3 Qb1 37. Qc2 Qxc2 38. Bxc2 b6 39. Kf2 Ne7 40. Kg3 b5 41. axb5 Bxb5 42. Kh4 f6 43. Bd1 Ng6+ 44. Kg3 fxe5 45. fxe5 Kf7 46. Bb4 Kg7 47. h4 Nf8 48. Bxf8+ Kxf8 49. Kf4 Kf7 50. Kg5 Kg7 51. h5 Bd3 52. Ba4 f4 53. Kxf4 Kh6 54. Be8 Bf5 55. Bc6 Bd3 56. Bd7 Bf5 57. Be8 Bh7 58. Kg4 Bf5+ 59. Kh4 Bh7 60. Bd7 Bg8 61. Be8 Bh7 62. Kg4 Bf5+ 63. Kf4 Bd3 64. Ke3 Be4 65. Kd2 Bf3 66. Kc3 Bxh5 67. Bxh5 Kxh5 68. Kb4 Kg6 69. Kc5 Kf5 70. Kd6 Ke4 71. Kxe6 Kxd4 72. Kd6 Kc4 73. e6 d4 74. e7 d3 75. e8Q d2 76. Qe2+ 1-0

[Event "Wch U20 56th"]
[Site "Tarvisio"]
[Date "2017.11.17"]
[Round "5"]
[White "Vaibhav, Suri"]
[Black "Chen, Richard"]
[Result "1-0"]
[WhiteElo "2560"]
[BlackElo "2309"]
[PlyCount "97"]
[EventDate "2017.11.13"]
[EventType "swiss"]
[EventRounds "11"]
[EventCountry "ITA"]
[SourceTitle "CBM 181 Extra"]
[Source "ChessBase"]
[SourceDate "2017.12.12"]
[SourceVersion "1"]
[SourceVersionDate "2017.12.12"]
[SourceQuality "1"]

1. e4 c5 2. Nf3 e6 3. d4 cxd4 4. Nxd4 Nc6 5. Nc3 Qc7 6. Qd3 Nf6 7. Ndb5 Qb8 8. f4 d6 9. Be3 a6 10. Nd4 Bd7 11. Be2 Be7 12. g4 Nxd4 13. Bxd4 e5 14. fxe5 dxe5 15. Bb6 Bc6 16. 0-0-0 Nd7 17. Bf2 Nc5 18. Qf3 b6 19. h4 Qb7 20. Bc4 0-0 21. Bd5 Rac8 22. g5 Ne6 23. Kb1 Bb4 24. Ne2 Bc5 25. Bxc5 bxc5 26. c3 Rb8 27. Rd2 c4 28. g6 fxg6 29. Qg4 Bxd5 30. exd5 Nf4 31. Nxf4 Rxf4 32. Qe2 Re8 33. h5 gxh5 34. Qxh5 g6 35. Qh3 Qf7 36. d6 Qf5+ 37. Qxf5 Rxf5 38. b3 Rf4 39. Re1 cxb3 40. axb3 e4 41. c4 Rf3 42. Kc2 e3 43. c5 Kf7 44. Rd3 Rf2+ 45. Kc3 e2 46. c6 Rf5 47. c7 Rc5+ 48. Kd2 a5 49. Rxe2 1-0

[Event "Wch U20 56th"]
[Site "Tarvisio"]
[Date "2017.11.16"]
[Round "4"]
[White "Chen, Richard"]
[Black "Lindholm, Jere"]
[Result "1-0"]
[WhiteElo "2309"]
[BlackElo "2064"]
[PlyCount "81"]
[EventDate "2017.11.13"]
[EventType "swiss"]
[EventRounds "11"]
[EventCountry "ITA"]
[SourceTitle "CBM 181 Extra"]
[Source "ChessBase"]
[SourceDate "2017.12.12"]
[SourceVersion "1"]
[SourceVersionDate "2017.12.12"]
[SourceQuality "1"]

1. e4 c5 2. Nf3 d6 3. Bb5+ Nd7 4. 0-0 a6 5. Bd3 g6 6. Re1 Bg7 7. c3 e6 8. Bc2 Ne7 9. d4 0-0 10. Nbd2 b5 11. a4 Bb7 12. Qe2 Qb6 13. Nb3 Rac8 14. Bg5 Nc6 15. Be3 Ne7 16. Red1 c4 17. Nbd2 Qc7 18. Nf1 Rce8 19. Qd2 f5 20. Ng3 Nf6 21. Ng5 Qd7 22. axb5 axb5 23. Ra7 Nc8 24. Raa1 h6 25. Nh3 Kh7 26. exf5 exf5 27. Nf4 Ne7 28. h4 Nfd5 29. Re1 Qc6 30. f3 Qd7 31. Nxd5 Bxd5 32. Bf4 Bb7 33. Re2 Bf6 34. Bxh6 Bxh4 35. Bxf8 Rxf8 36. Qf4 Bf6 37. Kf2 Nd5 38. Rh1+ Kg8 39. Qh6 Kf7 40. Qh7+ Bg7 41. Nxf5 1-0

[Event "Wch U16"]
[Site "Montevideo"]
[Date "2017.09.22"]
[Round "6"]
[White "Cardoso Cardoso, Jose Gabriel"]
[Black "Chen, Richard"]
[Result "0-1"]
[WhiteElo "2255"]
[BlackElo "2189"]
[PlyCount "84"]
[EventDate "2017.09.17"]
[EventType "swiss"]
[EventRounds "11"]
[EventCountry "URU"]
[SourceTitle "CBM 180 Extra"]
[Source "ChessBase"]
[SourceDate "2017.10.06"]
[SourceVersion "1"]
[SourceVersionDate "2017.10.06"]
[SourceQuality "1"]

1. d4 d5 2. c4 e6 3. Nc3 c6 4. Nf3 Nf6 5. Bg5 dxc4 6. a4 Bb4 7. e4 Bxc3+ 8. bxc3 Qa5 9. e5 Ne4 10. Bd2 Nxd2 11. Qxd2 c5 12. Bxc4 cxd4 13. cxd4 Nc6 14. 0-0 Qxd2 15. Nxd2 Nxd4 16. Ne4 Ke7 17. Rfd1 Rd8 18. f4 f6 19. Rac1 fxe5 20. fxe5 Nc6 21. Rxd8 Kxd8 22. Ng5 Ke7 23. Nxh7 Nxe5 24. Bb3 Bd7 25. Ng5 b6 26. Re1 Nd3 27. Re3 Nc5 28. Bc2 Rf8 29. g3 Kd6 30. Re1 e5 31. Rd1+ Kc7 32. a5 Bc6 33. axb6+ axb6 34. Re1 e4 35. Re3 Rf5 36. h4 b5 37. Nh3 Rd5 38. Re2 b4 39. Nf4 Rd4 40. Nh5 Rd7 41. Re3 Rd2 42. Bb3 Rd3 0-1

[Event "Wch U16"]
[Site "Montevideo"]
[Date "2017.09.18"]
[Round "3"]
[White "Chen, Richard"]
[Black "Stijve, Theo"]
[Result "1-0"]
[WhiteElo "2189"]
[BlackElo "2262"]
[PlyCount "55"]
[EventDate "2017.09.17"]
[EventType "swiss"]
[EventRounds "11"]
[EventCountry "URU"]
[SourceTitle "CBM 180 Extra"]
[Source "ChessBase"]
[SourceDate "2017.10.06"]
[SourceVersion "1"]
[SourceVersionDate "2017.10.06"]
[SourceQuality "1"]

1. e4 c5 2. Nf3 Nc6 3. Bb5 e5 4. 0-0 Bd6 5. d3 Nf6 6. Nc3 0-0 7. a4 h6 8. Nh4 Nd4 9. Bc4 Kh7 10. Nf5 Bc7 11. Ne3 d6 12. Ncd5 Be6 13. f4 exf4 14. Rxf4 Nd7 15. c3 Nc6 16. Nf5 Nde5 17. Ba2 Bb6 18. Kh1 Ng6 19. Rf1 Nce7 20. Qh5 Bxf5 21. exf5 Nxd5 22. Bxd5 Qh4 23. Qxh4 Nxh4 24. g3 Rae8 25. gxh4 Re2 26. Be4 d5 27. Bxd5 Bc7 28. Bf4 1-0

[Event "CAN-ch U20"]
[Site "Mississauga"]
[Date "2017.08.13"]
[Round "9"]
[White "Noorali, Aahil"]
[Black "Chen, Richard"]
[Result "0-1"]
[WhiteElo "1793"]
[BlackElo "2198"]
[PlyCount "126"]
[EventDate "2017.08.09"]
[EventType "swiss"]
[EventRounds "9"]
[EventCountry "CAN"]
[SourceTitle "CBM 180 Extra"]
[Source "ChessBase"]
[SourceDate "2017.10.06"]
[SourceVersion "1"]
[SourceVersionDate "2017.10.06"]
[SourceQuality "1"]

1. d4 d5 2. c4 e6 3. Nc3 c6 4. e3 Nf6 5. Bd3 Nbd7 6. Nge2 dxc4 7. Bxc4 b5 8. Bd3 Bb7 9. 0-0 Be7 10. Bd2 0-0 11. Ng3 b4 12. Na4 c5 13. dxc5 Bxc5 14. Bb5 Be7 15. Rc1 Ne5 16. Nc5 Qb6 17. Nxb7 Qxb5 18. Rc7 Nd5 19. Rxe7 Nxe7 20. Nd6 Qb6 21. Nde4 f6 22. Qb3 a5 23. Ne2 Qc6 24. f3 Qc4 25. Nd4 Qxb3 26. axb3 Nd3 27. Nxe6 Rfc8 28. Rb1 Rc2 29. Nd4 Rxb2 30. Rxb2 Nxb2 31. Kf2 Nd5 32. Ke2 a4 33. bxa4 Rxa4 34. Nc6 b3 35. Na5 Nc4 36. Nxb3 Ra3 37. Nec5 Nxd2 38. Nxd2 Rxe3+ 39. Kf2 Re7 40. Ncb3 Nf4 41. Nd4 Rd7 42. N2b3 Ra7 43. Kg3 g5 44. Nc2 Ra4 45. Nbd4 Ra2 46. Ne3 Kf7 47. Ndc2 Ne2+ 48. Kh3 h5 49. Nb4 Nf4+ 50. Kg3 h4+ 51. Kg4 Ra4 52. Nbc2 Nxg2+ 53. Kh3 Nf4+ 54. Kg4 Kg6 55. Nf5 Ne6+ 56. Kh3 Kxf5 57. Ne3+ Kg6 58. Kg2 Nf4+ 59. Kf2 Ra2+ 60. Kg1 h3 61. Nf1 Rg2+ 62. Kh1 Nd3 63. Ng3 Nf2# 0-1

[Event "CAN-ch U20"]
[Site "Mississauga"]
[Date "2017.08.12"]
[Round "6"]
[White "Chen, Richard"]
[Black "Hua, Eugene"]
[Result "0-1"]
[WhiteElo "2198"]
[BlackElo "2218"]
[PlyCount "74"]
[EventDate "2017.08.09"]
[EventType "swiss"]
[EventRounds "9"]
[EventCountry "CAN"]
[SourceTitle "CBM 180 Extra"]
[Source "ChessBase"]
[SourceDate "2017.10.06"]
[SourceVersion "1"]
[SourceVersionDate "2017.10.06"]
[SourceQuality "1"]

1. e4 c5 2. Nf3 e6 3. d3 Nc6 4. g3 Nf6 5. Bg2 e5 6. 0-0 Be7 7. Nc3 0-0 8. Nd2 d6 9. Nc4 Bg4 10. Qd2 Nd4 11. f4 exf4 12. gxf4 d5 13. exd5 Re8 14. Ne3 Bd6 15. Qf2 Bh5 16. Ne4 Bxf4 17. Kh1 Bxe3 18. Nxf6+ Qxf6 19. Bxe3 Qxf2 20. Bxf2 Nxc2 21. Rac1 Nb4 22. Rc3 Be2 23. Ra1 Nxd3 24. Bg3 f5 25. Bd6 f4 26. Kg1 g5 27. Bc7 g4 28. d6 f3 29. d7 f2+ 30. Kh1 Red8 31. Bxd8 Rxd8 32. Bf1 Bf3+ 33. Bg2 Ne1 34. Rxf3 gxf3 35. Bf1 Rxd7 36. Bc4+ Kf8 37. h4 Rd4 0-1

[Event "CAN-ch U20"]
[Site "Mississauga"]
[Date "2017.08.11"]
[Round "4"]
[White "Chen, Richard"]
[Black "Liang, Hairan"]
[Result "1-0"]
[WhiteElo "2198"]
[BlackElo "2143"]
[PlyCount "95"]
[EventDate "2017.08.09"]
[EventType "swiss"]
[EventRounds "9"]
[EventCountry "CAN"]
[SourceTitle "CBM 180 Extra"]
[Source "ChessBase"]
[SourceDate "2017.10.06"]
[SourceVersion "1"]
[SourceVersionDate "2017.10.06"]
[SourceQuality "1"]

1. e4 c5 2. Nf3 Nc6 3. Bb5 e6 4. Bxc6 bxc6 5. d3 Ne7 6. Qe2 d5 7. c4 Ng6 8. h4 h5 9. e5 Be7 10. Nc3 Qc7 11. Bd2 Bd7 12. Na4 f6 13. 0-0-0 Nxe5 14. Nxe5 Qxe5 15. Qxe5 fxe5 16. Rde1 Bd6 17. Be3 d4 18. Bg5 0-0 19. f3 Rf5 20. b3 Be8 21. Kc2 Bg6 22. Bc1 Rb8 23. Ba3 Rb4 24. Bxb4 cxb4 25. c5 Bc7 26. Nb2 e4 27. dxe4 Rxc5+ 28. Nc4 Bg3 29. Rd1 e5 30. Kd3 Bf7 31. Rc1 Kf8 32. Rc2 Ke7 33. Ne3 Rxc2 34. Nf5+ Kf8 35. Kxc2 Bf2 36. Rf1 d3+ 37. Kxd3 Bb6 38. Rc1 Be8 39. Nd6 Bd7 40. Rc4 a5 41. Nb7 Bc8 42. Nc5 Ke7 43. Rc1 g6 44. f4 Bg4 45. Rc2 exf4 46. e5 Bc8 47. Ne4 Bf5 48. Rxc6 1-0

[Event "CAN-ch U20"]
[Site "Mississauga"]
[Date "2017.08.11"]
[Round "5"]
[White "Song, Guannan Terry"]
[Black "Chen, Richard"]
[Result "1/2-1/2"]
[WhiteElo "2174"]
[BlackElo "2198"]
[PlyCount "30"]
[EventDate "2017.08.09"]
[EventType "swiss"]
[EventRounds "9"]
[EventCountry "CAN"]
[SourceTitle "CBM 180 Extra"]
[Source "ChessBase"]
[SourceDate "2017.10.06"]
[SourceVersion "1"]
[SourceVersionDate "2017.10.06"]
[SourceQuality "1"]

1. d4 d5 2. Bg5 Bf5 3. Nf3 Nc6 4. e3 Qd7 5. Nc3 a6 6. Bd3 f6 7. Bf4 Bg4 8. h3 Bxf3 9. Qxf3 e5 10. dxe5 fxe5 11. Qh5+ Qf7 12. Qxf7+ Kxf7 13. Bg3 Ke6 14. e4 d4 15. Nd5 Kd7 1/2-1/2

[Event "CAN-ch U16"]
[Site "Sault Ste Marie"]
[Date "2017.07.10"]
[Round "7.14"]
[White "Chen, Richard"]
[Black "Xu, Jeffrey"]
[Result "1-0"]
[WhiteElo "2330"]
[BlackElo "2125"]
[PlyCount "65"]
[EventDate "2017.07.06"]
[EventType "swiss"]
[EventRounds "7"]
[EventCountry "CAN"]
[SourceTitle "EXT 2022"]
[Source "ChessBase"]
[SourceDate "2021.10.06"]
[SourceVersion "1"]
[SourceVersionDate "2021.10.06"]
[SourceQuality "1"]

1. e4 e6 2. d4 d5 3. Nd2 Nf6 4. e5 Nfd7 5. f4 c5 6. c3 Nc6 7. Ndf3 Qb6 8. g3 Be7 9. Kf2 a5 10. Kg2 a4 11. h4 Qa5 12. Ne2 Nb6 13. Rb1 cxd4 14. Nexd4 Nxd4 15. Nxd4 Bd7 16. Bd3 Nc4 17. Qe2 Bc5 18. Nf3 Qb6 19. Re1 Na5 20. Kh2 Nc6 21. b4 axb3 22. axb3 Qd8 23. b4 Bb6 24. Ng5 h5 25. f5 Qe7 26. Bf4 exf5 27. e6 fxe6 28. Bxf5 0-0-0 29. Nxe6 Rdf8 30. Ra1 Bc7 31. Ra8+ Bb8 32. Bxb8 Nxb8 33. Qe5 1-0

[Event "CAN-ch U16"]
[Site "Sault Ste Marie"]
[Date "2017.07.09"]
[Round "6.15"]
[White "Wu, Chenxi"]
[Black "Chen, Richard"]
[Result "0-1"]
[WhiteElo "1904"]
[BlackElo "2330"]
[PlyCount "48"]
[EventDate "2017.07.06"]
[EventType "swiss"]
[EventRounds "7"]
[EventCountry "CAN"]
[SourceTitle "EXT 2022"]
[Source "ChessBase"]
[SourceDate "2021.10.06"]
[SourceVersion "1"]
[SourceVersionDate "2021.10.06"]
[SourceQuality "1"]

1. e4 c5 2. Nf3 e6 3. d4 cxd4 4. Nxd4 Nc6 5. Nc3 Qc7 6. f4 a6 7. Nxc6 Qxc6 8. Bd3 b5 9. Qe2 Bb7 10. Bd2 Rc8 11. a3 Nf6 12. Rf1 Be7 13. g4 b4 14. axb4 Bxb4 15. e5 Bxc3 16. Bxc3 Nd5 17. Be4 Qc5 18. Bxd5 Bxd5 19. 0-0-0 Qc6 20. Qd2 Qc4 21. Qd4 Qb5 22. f5 Rc4 23. Qa7 0-0 24. Rd4 Rxd4 0-1

[Event "Toronto Hart House Holidays op"]
[Site "Toronto"]
[Date "2016.12.18"]
[Round "4"]
[White "Bellissimo, Joseph F"]
[Black "Chen, Richard"]
[Result "1/2-1/2"]
[WhiteElo "2252"]
[BlackElo "2287"]
[PlyCount "40"]
[EventDate "2016.12.16"]
[EventType "swiss"]
[EventRounds "5"]
[EventCountry "CAN"]
[SourceTitle "EXT 2022"]
[Source "ChessBase"]
[SourceDate "2021.10.06"]
[SourceVersion "1"]
[SourceVersionDate "2021.10.06"]
[SourceQuality "1"]

1. e4 c5 2. Nf3 e6 3. c3 Nf6 4. e5 Nd5 5. d4 cxd4 6. cxd4 b6 7. Bc4 Ba6 8. Bg5 Qc8 9. Bxa6 Qxa6 10. Qe2 d6 11. Nbd2 h6 12. Be3 dxe5 13. Nxe5 Qxe2+ 14. Kxe2 Nd7 15. Ne4 f5 16. Ng6 Rg8 17. Nxf8 Rxf8 18. Nd6+ Ke7 19. Nc4 Rac8 20. Rac1 Rc6 1/2-1/2

[Event "Windsor NAYCC U16"]
[Site "Windsor"]
[Date "2016.08.11"]
[Round "8.30"]
[White "Lu, Albert"]
[Black "Chen, Richard"]
[Result "1-0"]
[WhiteElo "2235"]
[BlackElo "2155"]
[PlyCount "95"]
[EventDate "2016.08.07"]
[EventType "swiss"]
[EventRounds "9"]
[EventCountry "CAN"]
[SourceTitle "EXT 2022"]
[Source "ChessBase"]
[SourceDate "2021.10.06"]
[SourceVersion "1"]
[SourceVersionDate "2021.10.06"]
[SourceQuality "1"]

1. d4 e6 2. Bf4 Nf6 3. e3 b6 4. h3 Bb7 5. Nf3 d6 6. Bd3 Nbd7 7. Nbd2 Qe7 8. e4 h6 9. Qe2 g5 10. Bh2 Bg7 11. a3 a6 12. g4 e5 13. 0-0-0 b5 14. Nf1 c5 15. dxe5 Nxe5 16. Ne3 Nxf3 17. Qxf3 Bxe4 18. Bxe4 Qxe4 19. Qg3 0-0 20. Nf5 Nd5 21. Rhe1 Qf4+ 22. Qxf4 Nxf4 23. Bxf4 gxf4 24. Rxd6 Rfe8 25. Nxh6+ Bxh6 26. Rxe8+ Rxe8 27. Rxh6 Re2 28. Rxa6 Rxf2 29. Rf6 f3 30. b3 c4 31. bxc4 bxc4 32. Kb2 Kg7 33. Rf5 Rf1 34. a4 f2 35. a5 Rh1 36. Rxf2 Rxh3 37. Rf4 c3+ 38. Kb3 Kg6 39. a6 f6 40. a7 Rh8 41. Ra4 Ra8 42. Kxc3 Kf7 43. Kb4 Ke7 44. Kb5 Kd7 45. Kb6 Kc8 46. Rc4+ Kd7 47. Kb7 Re8 48. a8Q 1-0

[Event "Windsor NAYCC U16"]
[Site "Windsor"]
[Date "2016.08.10"]
[Round "6.29"]
[White "Bellissimo, Joseph F"]
[Black "Chen, Richard"]
[Result "1/2-1/2"]
[WhiteElo "2142"]
[BlackElo "2155"]
[PlyCount "89"]
[EventDate "2016.08.07"]
[EventType "swiss"]
[EventRounds "9"]
[EventCountry "CAN"]
[SourceTitle "EXT 2022"]
[Source "ChessBase"]
[SourceDate "2021.10.06"]
[SourceVersion "1"]
[SourceVersionDate "2021.10.06"]
[SourceQuality "1"]

1. e4 e6 2. d4 d5 3. e5 c5 4. c3 Nc6 5. Nf3 Qb6 6. a3 Nh6 7. b4 cxd4 8. cxd4 Nf5 9. Be3 Bd7 10. Bd3 Nxe3 11. fxe3 Be7 12. 0-0 Rc8 13. Qd2 0-0 14. Nc3 f6 15. exf6 Rxf6 16. Ne2 Rcf8 17. Ng3 Be8 18. Qc2 Bg6 19. Bxg6 Rxg6 20. Qd3 Bd6 21. Nh4 Rgf6 22. Nh5 Rxf1+ 23. Rxf1 Rxf1+ 24. Kxf1 Qd8 25. Nf3 g6 26. Ng3 Qc7 27. Kf2 a5 28. b5 Ne7 29. Ne2 Nc8 30. e4 Nb6 31. e5 Bf8 32. Ng5 Bh6 33. h4 Bxg5 34. hxg5 Qe7 35. Qh3 Nc4 36. a4 Nd2 37. Nc3 Qf7+ 38. Ke2 Nc4 39. Qf3 Qf5 40. Qxf5 gxf5 41. Kf3 Nd2+ 42. Kf4 Ne4 43. Ne2 Kg7 44. Nc1 Nd2 45. Ke3 1/2-1/2